00671 2200229 4500001002100000005001500021035002000036007000300056008004100059020001700100082001200117084001800129100001800147245013000165250001100295260004000306300003600346600001700382990001400399990001400413990001400427INLIS00000000001040420250915030023 a0010-0925000002ta250915 g 0 ind  a978602947304 a345.598 a345.598 FIR u0 aFirman Sujadi1 aUNDANG-UNDANG TIPIKOR DAN TPPU :bMengenal dan Mencegah Tindak Pidana Korupsi & Tindak Pidana Pencucian Uang /cFirman Sujadi acet. 1 aJakarta :bBee Media Pustaka,c2018 a290 hlm :bilus ;c17.5 x 25 cm 4aHukum Pidana a025.00074 a025.00075 a025.00076